Catalog

Record Details

Catalog Search



The book of doctrines and beliefs  Cover Image Book Book

The book of doctrines and beliefs / Saadya Gaon ; abridged edition translated from the Arabic with an introduction and notes by Alexander Altmann 

Sa'adja ben Josef, (Author). Altmann, Alexander, 1906-1987 (Translator, Commentator, Author of introduction, etc.).

Record details

  • Physical Description: 190 stran ; 23 cm
  • Publisher: Oxford : East ans West Library, 1946

Content descriptions

Bibliography, etc. Note:
Obsahuje bibliografické odkazy
Subject: židovská filozofie
středověká filozofie
judaismus

Available copies

  • 1 of 1 copy available at Common Catalog SPOK.

Holds

  • 0 current holds with 1 total copy.
Show Only Available Copies
Location Call Number / Copy Notes Barcode Shelving Location Status Due Date
The Jewish community of Prague J 488 4638304575 J - Judaika Available -

LDR 01586cam a2200385 i 4500
00156383
003CZ-PrJAB
00520190115152627.0
008020424s1946 xxk b 000 0 eng
035 . ‡a(CZ PrSKC)990022190140106986
040 . ‡aDLC ‡bcze ‡cDLC ‡dABD001 ‡erda
0411 . ‡aeng ‡hara
072 7. ‡a14 ‡xFilozofické systémy a hlediska ‡2Konspekt ‡95
1000 . ‡aSa'adja ben Josef, ‡d882-942 ‡7zmp2013744353 ‡4aut
24010. ‡aAmānāt wa-al-iʿtiqādāt. ‡lAnglicky
24514. ‡aThe book of doctrines and beliefs / ‡cSaadya Gaon ; abridged edition translated from the Arabic with an introduction and notes by Alexander Altmann 
264 1. ‡aOxford : ‡bEast ans West Library, ‡c1946
300 . ‡a190 stran ; ‡c23 cm
336 . ‡atext ‡btxt ‡2rdacontent
337 . ‡abez média ‡bn ‡2rdamedia
338 . ‡asvazek ‡bnc ‡2rdacarrier
504 . ‡aObsahuje bibliografické odkazy 
65007. ‡ažidovská filozofie ‡7ph127987 ‡2czenas
65007. ‡astředověká filozofie ‡7ph126228 ‡2czenas
65007. ‡ajudaismus ‡7ph114838 ‡2czenas
7001 . ‡aAltmann, Alexander, ‡d1906-1987 ‡7mub2011626322 ‡4trl ‡4cmm ‡4aui
910 . ‡aABE461
995 . ‡aska
901 . ‡a56383 ‡bAUTOGEN ‡c56383 ‡tbiblio

Additional Resources